| 000 | 00668cam a22001937a 4500 | ||
|---|---|---|---|
| 001 | 001123 | ||
| 003 | armpunfd | ||
| 005 | 20140612090631.0 | ||
| 008 | 020529e0####xx#a##########000#0#und#d | ||
| 040 |
_aarmpunfd _carmpunfd |
||
| 080 | _a342.56 J 769 | ||
| 245 | 1 | 0 | _aJornadas internacionales sobre el consejo de la magistratura : buenos aires 28, 29 y 30 de octubre de 1998. |
| 260 |
_a Uenos Aires : Ministerio De Justicia De La Nacion _b C1999. Isbn : 987-96486-3-3. 435P. |
||
| 650 | 7 |
_a Consejo De La Magistratura _2LEMB |
|
| 650 | 7 |
_a Poder Judicial _2LEMB |
|
| 650 | 7 |
_a Sistema Judicial _2LEMB |
|
| 942 |
_cLB _2cdu |
||
| 945 |
_aCatalis _d2010-08-19 |
||
| 999 |
_c1114 _d231618 |
||